000 01196nam a22004337a 4500
001 BR2010005829
003 BR-BrBNA
005 20230928103556.0
007 ta
008 230509b bl.||||| |||| 00| 0 por d
040 _aBR-BrBNA
_bpor
_cBiblioteca Nacional de Agricultura
041 _a(Eng, Por)
072 _aE70
_b0336
090 _ 0336 BR2010005829
100 1 _aCorrea, S.
110 1 _aEditora Gazeta Santa Cruz Ltda, Santa Cruz do Sul, RS (Brasil)
245 1 _aAnuário brasileiro da soja 2009
260 3 _aSanta Cruz do Sul, RS (Brasil):
_c2009.
300 _a128 p.
650 _aSOJA
650 _aCOLHEITA
650 _aPRODUÇÃO VEGETAL
650 _aPRODUÇÃO ORGÂNICA
650 _aPERCEVEJO
650 _aFUNGO
650 _aPHAKOPSORA PACHYRHIZI
650 _aPROFILAXIA
650 _aEUPHORBIA HETEROPHYLLA
650 _aCOMMELINA
650 _aRICHARDIA BRASILIENSIS
650 _aERVA DANINHA
650 _aCONTROLE CULTURAL
650 _aSCLEROTINIA SCLEROTIORUM
650 _aROTAÇÃO DE CULTURA
650 _aMELHORAMENTO GENÉTICO VEGETAL
650 _aINDÚSTRIA
909 _a202309
_bLucia
_c55
_dLucia Elande
942 _cBK
999 _c75668
_d75668